Shapes To Country And Capital - Statistics

General Stats
  • This quiz has been taken 682 times
  • The average score is 31 of 40
Answer Stats
Hint Type Answer % Correct
Country India
98%
Country Italy
98%
Country Japan
98%
Country Norway
97%
Capital Rome
97%
Capital Tokyo
97%
Country Egypt
96%
Capital New Delhi
96%
Capital Cairo
95%
Capital Oslo
95%
Country China
94%
Capital Beijing
93%
Country Somalia
93%
Country Iran
86%
Country Algeria
85%
Country Peru
84%
Capital Tehran
83%
Capital Algiers
81%
Capital Lima
81%
Country Oman
81%
Capital Mogadishu
80%
Country Kosovo
77%
Country Venezuela
76%
Country Angola
75%
Country Poland
73%
Capital Warsaw
73%
Capital Caracas
72%
Capital Muscat
72%
Capital Pristina
69%
Country Guyana
63%
Capital Luanda
63%
Country South Sudan
62%
Country Belarus
61%
Capital Minsk
60%
Capital Georgetown
55%
Capital Juba
52%
Country Slovenia
50%
Country Lithuania
49%
Capital Ljubljana
48%
Capital Vilnius
47%
No matching quizzes found
Score Distribution
Percent of People with Each Score
Percentile by Number Answered
Your Score History
You have not taken this quiz